| 000 | 00397nam a22001457a 4500 | ||
|---|---|---|---|
| 020 | _a9781408855676 | ||
| 040 | _cNUST | ||
| 082 | _a823.914,ROW | ||
| 100 |
_aRowling, J.K. _911309 |
||
| 245 |
_aHarry Potter: _band the prisoner of Azkaban / _cJ.k. Rowling |
||
| 260 |
_aUK _bBloomsbury Children's Books _c2014 |
||
| 300 | _a461 p.; | ||
| 650 |
_aNoval _9107828 |
||
| 942 |
_2ddc _cFIC _k823.914,ROW |
||
| 999 |
_c617395 _d617395 |
||